000
00239nam a2200097Ia 4500
001
726363
005
20250826163427.0
008
250824s9999 xx 000 0 und d
245
0
_a
TUHAF YARATIKLAR
_c
MEHMET ATİLLA
260
_b
TUDEM YAYINLARI
999
_c
726363
_d
726363